| 000 | 01734 a2200229 4500 | ||
|---|---|---|---|
| 001 | 47193 | ||
| 005 | 20260407155740.0 | ||
| 008 | 260407a1994 arg spa d | ||
| 003 | AR-UNSa-BCEJYS | ||
| 040 |
_aAR-UNSa-BCEJYS _bspa _cAR-UNSa-BCEJYS |
||
| 080 |
_a330.342.22 _xEconomía en desarrollo. Economía en industrialización |
||
| 245 | 1 | 0 | _aFundamentos de economía y organización industrial |
| 020 | _a84-481-0169-3 | ||
| 264 | 1 |
_aMadrid : _bMcGraw-Hill _c1994 |
|
| 300 |
_a397 p. _c24 cm. |
||
| 505 | _aPrimera Parte : UN ENFOQUE ESTRATÉGICO DEL ENTORNO INDUSTRIAL : CONDICIONES AMBIENTALES : 1. Internacionalización e integración económica mundial - 2. Prospectiva y diagnóstico estratégico global - 3. El poder de las organizaciones - 4. El condicionante de la tecnología -- Segunda Parte : LAS CONFIGURACIONES ESTRUCTURALES : 5. Estructuras de mercado y tipos de competencia - 6. El medio específico de las empresas - 7. Las barreras a la libre competencia - 8. La concentración económica - 9. Las estructuraciones de los mercados globales - 10. Sector privado, versus sector público - 11. Efectos estructurantes de la política industrial -- Tercera Parte : DIMENSIONES ESTRÁTEGICAS DE LAS ORGANIZACIONES INDUSTRIALES : 12. Análisis de ventajas competitivas - 13. Estrategias industriales de mercado - 14. Las alianzas empresariales - 15. De las estrategias de alianza a las alianzas estratégicas - 16. La valoración estratégica de la tecnología. | ||
| 942 | _cBK | ||
| 590 | _aniveau_biblio:m niveau_hierar:0 | ||
| 100 | 1 | _aMorcillo Ortega, Patricio | |
| 700 | 1 | _aBueno Campos, Eduardo | |
| 856 | 4 | 1 |
_uhttps://www.biblioeco.unsa.edu.ar/pmb/images/libros/L127426.jpg _yImagen de portada _qimage/jpeg |
| 999 |
_c4314 _d4314 |
||